00704nam a2200169Ia 450000500170000000800410001702000230005804000140008108200280009524500510012325000180017426000650019230000490025750000890030652100220039565001170041720231107103723.0210816s9999 xx 000 0 und d a9780796018410qpbk aRDAc3228 aZUL 896.398608 IMIB223 0aImibhalo ka D.B.Z. Ntuli : incwadi yokubonga / aFirst edition aPietermaritzburg;bShuter & Shooter Publishers (Pty);c2002. a174 pages;billustrations, potraits;c25 cm. aTranslation of title: The literary works of D.B.Z. Ntuli: a commemorative anthology. btitle of the book aNtuli, D. B. Z; Ntuli, D. B. Z.—Criticism and interpretation; Festschriften—South AfricazPietermaritzburg